Thú y bệnh học đại cương

TM tài liệu thao khảo tr.157-158; Những kiến thức cơ bản và tư liệu học tập về các biến đổi bệnh lí trong tế bào và mô, mối quan hệ giữa hình thái và chức năng, giải thích những biểu hiện lâm sàng của bệnh thú y, đánh giá kết quả chẩ...

Popoln opis

Shranjeno v:
Bibliografske podrobnosti
Glavni avtor: Nguyễn, Văn Khanh
Drugi avtorji: Lê, Nguyễn Phương Khanh
Format: Knjiga
Jezik:Undetermined
Izdano: Tp. HCM. Đại học Quốc gia Tp.HCM 2018
Teme:
Online dostop:http://lrc.tdmu.edu.vn/opac/search/detail.asp?aID=2&ID=32809
Oznake: Označite
Brez oznak, prvi označite!
Thư viện lưu trữ: Trung tâm Học liệu Trường Đại học Thủ Dầu Một
LEADER 01207nam a2200217Ia 4500
001 TDMU_32809
008 210410s9999 xx 000 0 und d
082 |a 551.8 
090 |b NG527 
100 |a Nguyễn, Văn Khanh 
245 0 |a Thú y bệnh học đại cương 
245 0 |c Nguyễn Văn Khanh, Lê Nguyễn Phương Khanh 
260 |a Tp. HCM. 
260 |b Đại học Quốc gia Tp.HCM 
260 |c 2018 
300 |a 158tr. 
520 |a TM tài liệu thao khảo tr.157-158; Những kiến thức cơ bản và tư liệu học tập về các biến đổi bệnh lí trong tế bào và mô, mối quan hệ giữa hình thái và chức năng, giải thích những biểu hiện lâm sàng của bệnh thú y, đánh giá kết quả chẩn đoán mô bệnh học để có thể ứng dụng vào phòng bệnh và chữa bệnh sau này 
650 |a Thú y; Thú y  |x Bệnh học 
700 |a Lê, Nguyễn Phương Khanh 
856 |u http://lrc.tdmu.edu.vn/opac/search/detail.asp?aID=2&ID=32809 
980 |a Trung tâm Học liệu Trường Đại học Thủ Dầu Một